Simpi Liganna jivana, sadhane (Record no. 105195)

MARC details
000 -LEADER
fixed length control field 00726nam a2200217Ia 4500
003 - CONTROL NUMBER IDENTIFIER
control field OSt
005 - DATE AND TIME OF LATEST TRANSACTION
control field 20260608094800.0
008 - FIXED-LENGTH DATA ELEMENTS--GENERAL INFORMATION
fixed length control field 210210b1994 xxu||||| |||| 00| 0 eng d
040 ## - CATALOGING SOURCE
Transcribing agency AL
041 ## - LANGUAGE CODE
Language code of text/sound track or separate title Kannada
082 ## - DEWEY DECIMAL CLASSIFICATION NUMBER
Classification number 398.092K PARS
100 ## - MAIN ENTRY--PERSONAL NAME
Personal name PARAMASHIVAYYA (G Sham), Ed.
Dates associated with a name ಪರಮಶಿವಯ್ಯ (ಜಿ. ಶಂ.)
9 (RLIN) 265461
245 ## - TITLE STATEMENT
Title Simpi Liganna jivana, sadhane
Remainder of title ಸಿಂಪಿ ಲಿಂಗಣ್ಣ ಜೀವನ, ಸಾಧನೆ.
260 ## - PUBLICATION, DISTRIBUTION, ETC.
Place of publication, distribution, etc. Bengaluru.
Name of publisher, distributor, etc. Karnataka Janapada mattu Yakshagana Akademi.,
Date of publication, distribution, etc. 1994
300 ## - PHYSICAL DESCRIPTION
Extent 74
650 ## - SUBJECT ADDED ENTRY--TOPICAL TERM
Topical term or geographic name entry element Vali Em En
9 (RLIN) 265462
690 ## - LOCAL SUBJECT ADDED ENTRY--TOPICAL TERM (OCLC, RLIN)
Topical term or geographic name as entry element Biography
9 (RLIN) 265463
700 ## - ADDED ENTRY--PERSONAL NAME
Personal name M N Vali.
Dates associated with a name ಎಂ. ಎನ್. ವಾಲಿ.
9 (RLIN) 265464
906 ## - LOCAL DATA ELEMENT F, LDF (RLIN)
a 057761
942 ## - ADDED ENTRY ELEMENTS (KOHA)
Source of classification or shelving scheme Dewey Decimal Classification
Koha item type Book
Holdings
Withdrawn status Lost status Source of classification or shelving scheme Damaged status Not for loan Collection code Home library Current library Shelving location Date acquired Source of acquisition Cost, normal purchase price Total Checkouts Full call number Barcode Date last seen Price effective from Koha item type
    Dewey Decimal Classification     Others St Aloysius Library St Aloysius Library   02/17/2021 Karnataka Janapada Akademi, Bengaluru. 10.00   398.092K PARS 057761 02/17/2021 02/17/2021 Book